A última Czarina / (Record no. 83)
[ view plain ]
| 000 -LÍDER | |
|---|---|
| campo de controle de tamanho fixo | 01106nam a2200277 4500 |
| 001 - NÚMERO DE CONTROLE | |
| campo de controle | 83 |
| 003 - IDENTIFICADOR DO NÚMERO DE CONTROLE | |
| campo de controle | OSt |
| 005 - DATA E HORÁRIO DA ÚLTIMA TRANSAÇÃO | |
| campo de controle | 20250207104354.0 |
| 008 - CAMPO DE DADOS FIXOS--INFORMAÇÃO GERAL | |
| campo de controle de tamanho fixo | 250123b |||||||e |||| 00| 0 eng d |
| 040 ## - FONTE DA CATALOGAÇÃO | |
| Idioma da catalogação | por |
| 041 ## - CÓDIGO DE IDIOMA | |
| Código do idioma do original e/ou traduções intermediárias do texto | fre |
| Código do idioma do texto/trilha sonora ou título diferente | por |
| 082 ## - CDD - CLASSIFICAÇÃO DECIMAL DE DEWEY | |
| Número de Classificação | 920 |
| Número do exemplar | B963u |
| 100 ## - ENTRADA PRINCIPAL--NOME PESSOAL | |
| Nome pessoal | Burnat, Jean |
| Datas associadas ao nome | 1918-1977 |
| 9 (RLIN) | 197 |
| 240 ## - TÍTULO UNIFORME | |
| Título uniforme | Leur dernière tzarina |
| 245 ## - TÍTULO | |
| Título | A última Czarina / |
| Indicação de responsabilidade, etc. | Burnat, Jean ; Tradução de Neil R. da Silva |
| 260 ## - PUBLICAÇÃO, DISTRIBUIÇÃO, ETC. | |
| Local de publicação, distribuição, etc. | Belo Horizonte |
| Nome do editor, distribuidor, etc. | Itatiaia |
| Data da publicação, distribuição, etc. | 1960 |
| 300 ## - DESCRIÇÃO FÍSICA | |
| Extensão | 300 p. |
| 520 ## - NOTA DE RESUMO, ETC. | |
| Resumo, etc. | Não obstante, todos os esforços que empregou na sua busca à felicidade, Alexandra Feodorovna, a última Czarina, terá sido, sem dúvida, uma das figuras mais infelizes da história do mundo nestes últimos cem anos e também — por que não dizer? — intérprete de um dos mais importantes papéis no drama que a humanidade viveu a partir da segunda metade do século XIX. |
| 650 #0 - ASSUNTO--TERMO TÓPICO | |
| Cabeçalho tópico ou nome geográfico | Literatura francesa |
| 9 (RLIN) | 122 |
| 650 #0 - ASSUNTO--TERMO TÓPICO | |
| Cabeçalho tópico ou nome geográfico | Politica |
| 9 (RLIN) | 138 |
| 650 #0 - ASSUNTO--TERMO TÓPICO | |
| Cabeçalho tópico ou nome geográfico | História |
| 9 (RLIN) | 116 |
| 650 #0 - ASSUNTO--TERMO TÓPICO | |
| Cabeçalho tópico ou nome geográfico | Fatos Reais |
| 9 (RLIN) | 33 |
| 655 #0 - TERMO DE ÍNDICE--GÊNERO E FORMA | |
| Gênero/forma/ou termo foco | Biografia |
| 700 ## - ENTRADA ADICIONADA - NOME PESSOAL | |
| Nome pessoal | Neil R. da Silva |
| Função do autor por extenso | Tradutor |
| 9 (RLIN) | 198 |
| 942 ## - ELEMENTOS DE ENTRADA ADICIONADOS (KOHA) | |
| Fonte de classificação ou esquema de arquivamento | Classificação decimal de Dewey |
| Ocultar no OPAC | Não |
| Tipo de material Koha | Livros |
| Situação do descarte | Situação das perdas | Fonte de classificação ou esquema de arquivamento | Status danificado | Não pode ser emprestado | Coleção | Biblioteca de origem | Biblioteca atual | Localização na estante | Data de aquisição | Fonte de aquisição | Total de empréstimos | Número de chamada completo | Código de barras | Data de último acesso | Data do preço efetivo | Tipo de material Koha |
|---|---|---|---|---|---|---|---|---|---|---|---|---|---|---|---|---|
| Classificação decimal de Dewey | Biografia | Biblioteca Professor Eduardo Afonso de Castro | Biblioteca Professor Eduardo Afonso de Castro | Literatura Estrangeira | 07.06.2016 | doação | 920 / B963u | 2025-15341 | 23.01.2025 | 23.01.2025 | Livros |